We seven : (Record no. 131727)

MARC details
000 -LEADER
fixed length control field 00697nam a22002297a 4500
005 - DATE AND TIME OF LATEST TRANSACTION
control field 20170124110137.0
010 ## - LIBRARY OF CONGRESS CONTROL NUMBER
LC control number 432814
020 ## - INTERNATIONAL STANDARD BOOK NUMBER
Terms of availability 00.00
035 ## - SYSTEM CONTROL NUMBER
System control number 432814
037 ## - SOURCE OF ACQUISITION
Source of stock number/acquisition Cen Lib/Ret
040 ## - CATALOGING SOURCE
Original cataloging agency DPL
Language of cataloging EN
082 ## - DEWEY DECIMAL CLASSIFICATION NUMBER
Classification number 629.14353
Item number WES
245 ## - TITLE STATEMENT
Title We seven :
Statement of responsibility, etc by M.Scott Carpenter...[et al.]
Remainder of title by the astronauts themselves /
260 ## - PUBLICATION, DISTRIBUTION, ETC. (IMPRINT)
Name of publisher, distributor, etc Simon and Schuster
Date of publication, distribution, etc 1962
Place of publication, distribution, etc New York
270 ## - ADDRESS
Address Rockfeller Centre,630 Fifth Avenue
300 ## - PHYSICAL DESCRIPTION
Extent 352p. :
Dimensions 22cm(Hb)
Other physical details ill.
500 ## - GENERAL NOTE
General note Includes index
650 ## - SUBJECT ADDED ENTRY--TOPICAL TERM
Topical term or geographic name as entry element Space exploration
9 (RLIN) 32592
650 ## - SUBJECT ADDED ENTRY--TOPICAL TERM
Topical term or geographic name as entry element Astronauts -- United States
9 (RLIN) 32593
700 ## - ADDED ENTRY--PERSONAL NAME
Personal name Carpenter, M.Scott
9 (RLIN) 32594
942 ## - ADDED ENTRY ELEMENTS (KOHA)
Source of classification or shelving scheme Dewey Decimal Classification
Koha item type English Books
Classification part 629.14353
Call number suffix WES
Holdings
Withdrawn status Lost status Damaged status Not for loan Home library Current library Date acquired Source of acquisition Cost, normal purchase price Total Checkouts Full call number Barcode Date last seen Copy number Cost, replacement price Price effective from Koha item type Public note
Written off       Central Library Central Library 15/07/2015 Cen Lib/Ret 0.00   629.14353 WES 432814 15/07/2015 1 0.00 15/07/2015 English Books W/d List No. 6870/2 ; dtd 13/08/2020

© Delhi Public Library
Hit Counter
free hit counter